| 000 | 01062cam a2200193 4500 | ||
|---|---|---|---|
| 008 | 030205n2003 000 0 eng u | ||
| 035 | _a(Sirsi) u121253 | ||
| 245 | _aResidential Market forecast 2003 | ||
| 260 | _c2003 | ||
| 490 |
_aFPD Savills Research _vJanuary 2003, (1) |
||
| 520 | _aLatest research from FPD Savills shows UK house prices are expected to rise by an average of 12% in 2003. The prices have been rising quickly due to a re-valuation of the housing market due to low interest rates meaning the average UK household can afford a mortgage three times as large as in the 1980s. However, concerns about household debt are threatening future growth prospects. For FPD Savills News Release: http://www.fpdsavills.co.uk/research.asp?content=%5Cuber%5Fresearch%5C2900%2Ehtm&subcategory=none&contenttype=research&category= | ||
| 590 | _aWB | ||
| 650 | _aFPD SAVILLS | ||
| 650 | _aHOUSE PRICE SURVEY | ||
| 650 | _aINTEREST RATES | ||
| 650 | _aMORTGAGE DEBT | ||
| 690 | _aPROPERTY-RESIDENTIAL PROPERTY-RESIDENTIAL PROPERTY MARKET | ||
| 942 | _n0 | ||
| 999 |
_c72064 _d72064 |
||